Islam and democracy (Record no. 31602)

MARC details
000 -LEADER
fixed length control field 00508nam a2200181Ia 4500
020 ## - INTERNATIONAL STANDARD BOOK NUMBER
ISBN 1932099646
050 ## - CALL MARK
Classification number BP 190.5 .D45/
100 ## - STATEMENT OF RESPONSIBILITY--MAIN AUTHOR NAME
Personal name Gülen, M. Fethullah
245 #0 - TITLE STATEMENT
Title Islam and democracy
260 ## - PUBLICATION, DISTRIBUTION, ETC. (IMPRINT)
Place of publication New Jersey
260 ## - PUBLICATION, DISTRIBUTION, ETC. (IMPRINT)
Name of publisher The Light
260 ## - PUBLICATION, DISTRIBUTION, ETC. (IMPRINT)
Year of publication 2004
300 ## - PHYSICAL DESCRIPTION
Number of Pages 23 p
650 ## - SUBJECT ADDED ENTRY--TOPICAL TERM
Topical Term Democracy _ Religious aspects _ Islam Islam and politics Demokrasi _ Dini açıdan _ İslam İslam ve siyaset
942 ## - ADDED ENTRY ELEMENTS (KOHA)
Koha item type Books
Holdings
Withdrawn status Lost status Source of classification or shelving scheme Damaged status Not for loan Permanent Location Current Location Shelving location Date acquired Accession Number Price effective from Koha item type
    Library of Congress Classification     NILE UNIVERSITY OF NIGERIA - MAIN LIBRARY NILE UNIVERSITY OF NIGERIA - MAIN LIBRARY Items on shelf 04/23/2025 0011886 04/23/2025 Books